| 000 | 01069cam a2200253L 4500 | ||
|---|---|---|---|
| 001 | twilightoftyrant00szul | ||
| 003 | CaSfIA | ||
| 005 | 20210119104543.0 | ||
| 007 | cr|||| | ||
| 008 | 091212s1959 nyu 000 u eng d | ||
| 040 |
_aDKDLA _bdan _cDKDLA _dCaSfIA |
||
| 035 | _a(OCoLC)479514338 | ||
| 084 |
_aAm _2z |
||
| 245 | 0 | 0 |
_aTwilight of the tyrants. _h[electronic resource] |
| 260 |
_a[New York], _c(1959). |
||
| 300 | _a312 s. 2 tvl. | ||
| 700 | 1 | _aSzulc, Tad. | |
| 029 | 0 |
_aDKDLA _b17977464 |
|
| 856 | 4 | 1 |
_uhttp://www.archive.org/details/twilightoftyrant00szul _zFree eBook from the Internet Archive |
| 856 | 4 | 2 |
_uhttp://www.openlibrary.org/books/OL24400866M _zAdditional information and access via Open Library |
| 942 | _cEB | ||
| 506 | _fНеобхідна авторизація на https://archive.org/ (створення облікового запису безкоштовно) | ||
| 506 | _fНеобхідна авторизація на https://openlibrary.org/ (створення облікового запису безкоштовно) | ||
| 999 |
_c560245 _d560245 |
||